| 000 | 01156nam a22001817a 4500 | ||
|---|---|---|---|
| 999 |
_c62519 _d62519 |
||
| 005 | 20241126172433.0 | ||
| 008 | 241126s2024 en ||||| |||| 00| 0 eng d | ||
| 020 | _a9789887064688 X. | ||
| 080 | _a371.315.7 W-31 | ||
| 100 |
_aWathall,Chang Jennifer _923798 |
||
| 245 |
_aAI-powered pedagogy : _b redefining education / _cChang Jennifer Wathall, foreword by Alexis Wiggins. |
||
| 264 |
_aHong Kong : _b Published by Jennifer Chang Wathall, _c2024. |
||
| 300 |
_a237 p.: _b22 cm. |
||
| 653 | _aAI-Powered Pedagogy: Redefining Education by Dr. Jennifer Chang Wathall is an essential guide for educators and educational leaders looking to effectively and responsibly integrate artificial intelligence (AI) into their teaching practices. This comprehensive book offers a robust framework for embracing AI in education, ensuring it enhances learning experiences while maintaining ethical standards -- preface taken from Amazon | ||
| 653 | _aხელოვნური ინტელექტის მქონე პედაგოგიკა | ||
| 700 |
_aWiggins, Alexis _eწინასიტყვაობა _923799 |
||
| 942 |
_2udc _cᲬᲘᲒᲜᲘ |
||